| 000 | 00678nam a22001697a 4500 | ||
|---|---|---|---|
| 999 |
_c6290 _d6290 |
||
| 003 | GBCCL | ||
| 005 | 20241126110600.0 | ||
| 008 | 180508b ||||| |||| 00| 0 eng d | ||
| 040 | _cgbc | ||
| 082 |
_a643 _bCOM |
||
| 245 |
_aThe complete fix-it-yourself manual for home and apartment owners: _bIn easy-to-follow question-and-answer form; Organized by subject and indexed for easy reference / _cBy editors of Family Handyman Magazine |
||
| 250 | _a3rd printing | ||
| 260 |
_aNew York: _bUniversal Publishing and Distributing Corporation, _c1975 |
||
| 300 |
_a440 p.; _bill., _c17 cm. |
||
| 650 |
_aHousing and household equipments _xHandbooks, Manuals, etc. _911274 |
||
| 942 |
_2ddc _cBK |
||